| 000 | 01193nam a2200277 a 4500 | ||
|---|---|---|---|
| 003 | BLK | ||
| 005 | 20250726151118.0 | ||
| 008 | 190508b bu |||||r|||| 00| 0 bu d | ||
| 020 | _a9786190209430 | ||
| 040 | _aBLK | ||
| 041 |
_aBUL _cBUL |
||
| 080 |
_aШведска литература _b821.113.6 _x-312.4 _z821.113.6-312.4 |
||
| 100 | 1 |
_aЛекберг, Камила _988268 |
|
| 139 |
_aЛекберг, Камила и др. _bЛ 41 |
||
| 245 |
_aВох _bРоман _cКамила Лекберг, Хенрик Фексеус ; прев. от швед. Любомир Гиздов. |
||
| 260 |
_9209486 _aСофия _bКолибри _c2021 _fСофия: Инвестпрес |
||
| 300 |
_a528 с. _c20 см |
||
| 380 | _aX | ||
| 490 | _aСъвременни трилъри | ||
| 500 | _aОриг. загл.: Box / Camilla Läckberg, Henrik Fexeus. - Биогр. данни за авт. отбелязани на гърба на кор. | ||
| 700 |
_aФексеус, Хенрик _9470788 |
||
| 700 |
_aГиздов, Любомир Емилов _9455395 |
||
| 852 |
_aЦб 312359 _bЦб |
||
| 942 |
_cKNG _n0 _097 _s1 |
||
| 944 |
_aCR _c2022-02-16 _k30550 _lКети Илиева |
||
| 999 |
_c445008 _d445008 |
||